[Event "Seattle Classic op"]
[Site "Seattle"]
[Date "2017.08.18"]
[Round "5"]
[White "Feng, Roland"]
[Black "Kaufman, Raymond"]
[Result "1/2-1/2"]
[WhiteElo "2369"]
[BlackElo "2206"]
[PlyCount "40"]
[GameId "1658237073842176"]
[EventDate "2017.08.16"]
[EventType "swiss"]
[EventRounds "9"]
[EventCountry "USA"]
[SourceTitle "EXT 2023"]
[Source "ChessBase"]
[SourceDate "2022.10.05"]
[SourceVersion "1"]
[SourceVersionDate "2022.10.05"]
[SourceQuality "1"]

1. d4 Nf6 2. c4 g6 3. Nc3 d5 4. Bg5 Bg7 5. Nf3 Ne4 6. Bh4 Nxc3 7. bxc3 dxc4 8. e3 Be6 9. Nd2 O-O 10. Be2 c5 11. Nxc4 Nc6 12. O-O Rc8 13. Rc1 cxd4 14. cxd4 Qd7 15. Bg3 Rfd8 16. a4 Bd5 17. Bg4 Be6 18. Be2 Bd5 19. Bg4 Be6 20. Be2 Bd5 1/2-1/2

[Event "Seattle Classic op"]
[Site "Seattle"]
[Date "2017.08.19"]
[Round "6"]
[White "Kaufman, Raymond"]
[Black "Perez, Ignacio"]
[Result "0-1"]
[WhiteElo "2206"]
[BlackElo "2101"]
[PlyCount "58"]
[GameId "1658237073874944"]
[EventDate "2017.08.16"]
[EventType "swiss"]
[EventRounds "9"]
[EventCountry "USA"]
[SourceTitle "EXT 2023"]
[Source "ChessBase"]
[SourceDate "2022.10.05"]
[SourceVersion "1"]
[SourceVersionDate "2022.10.05"]
[SourceQuality "1"]

1. Nf3 Nf6 2. c4 g6 3. Nc3 Bg7 4. e4 d6 5. d4 O-O 6. Be2 Nbd7 7. O-O e5 8. Re1 b6 9. Bf1 Bb7 10. d5 h6 11. Rb1 Nh7 12. h4 f5 13. h5 f4 14. hxg6 Ng5 15. Nh4 Nxe4 16. Nxe4 Qxh4 17. g3 fxg3 18. fxg3 Rxf1+ 19. Kxf1 Qh1+ 20. Kf2 Qh2+ 21. Ke3 Nf6 22. Nxf6+ Bxf6 23. Qg4 Rf8 24. Re2 Qg1+ 25. Kd2 Bc8 26. Qe4 Bg5+ 27. Kc3 Bxc1 28. g7 Kxg7 29. Qh4 Rf3+ 0-1

[Event "Seattle Classic op"]
[Site "Seattle"]
[Date "2017.08.19"]
[Round "7"]
[White "Kuhner, Mary"]
[Black "Kaufman, Raymond"]
[Result "0-1"]
[WhiteElo "1856"]
[BlackElo "2206"]
[PlyCount "76"]
[GameId "1658237073924096"]
[EventDate "2017.08.16"]
[EventType "swiss"]
[EventRounds "9"]
[EventCountry "USA"]
[SourceTitle "EXT 2023"]
[Source "ChessBase"]
[SourceDate "2022.10.05"]
[SourceVersion "1"]
[SourceVersionDate "2022.10.05"]
[SourceQuality "1"]

1. e4 c5 2. Nf3 d6 3. c3 Nf6 4. h3 g6 5. Bd3 Nc6 6. Bc2 Bh6 7. d3 Bxc1 8. Qxc1 O-O 9. Qh6 e6 10. Nbd2 Qe7 11. O-O-O Rd8 12. e5 Nxe5 13. Nxe5 dxe5 14. Nf3 Nd7 15. h4 f6 16. g4 b6 17. Rh3 Bb7 18. Qe3 Qg7 19. g5 f5 20. h5 Bxf3 21. Qxf3 e4 22. dxe4 Ne5 23. Qe2 f4 24. Rdh1 f3 25. Qe3 Rf8 26. hxg6 hxg6 27. Rd1 Rad8 28. Rhh1 Ng4 29. Qe1 Qe5 30. Rxd8 Rxd8 31. Qf1 Qxg5+ 32. Kb1 Rd2 33. Qa6 Nxf2 34. Qc8+ Rd8 35. Qxe6+ Kg7 36. Rf1 Rd2 37. Bb3 Qf4 38. Rg1 Qxe4+ 0-1

[Event "Seattle Classic op"]
[Site "Seattle"]
[Date "2017.08.20"]
[Round "8"]
[White "Kaufman, Raymond"]
[Black "Sohal, Tanraj"]
[Result "1/2-1/2"]
[WhiteElo "2206"]
[BlackElo "2290"]
[PlyCount "36"]
[GameId "1658237074010112"]
[EventDate "2017.08.16"]
[EventType "swiss"]
[EventRounds "9"]
[EventCountry "USA"]
[SourceTitle "EXT 2023"]
[Source "ChessBase"]
[SourceDate "2022.10.05"]
[SourceVersion "1"]
[SourceVersionDate "2022.10.05"]
[SourceQuality "1"]

1. e4 c5 2. Nf3 e6 3. d4 cxd4 4. Nxd4 Nf6 5. Nc3 Nc6 6. Nxc6 bxc6 7. e5 Nd5 8. Ne4 Qc7 9. f4 Qb6 10. c4 Ne3 11. Qd3 Bb4+ 12. Bd2 O-O 13. c5 Bxc5 14. Ng5 Nf5 15. g4 Bf2+ 16. Kd1 h6 17. gxf5 hxg5 18. f6 Qxb2 1/2-1/2

[Event "Titled Tuesday intern op 7th Aug"]
[Site "Chess.com INT"]
[Date "2018.08.07"]
[Round "5"]
[White "Atanasov, Anthony"]
[Black "Kaufman, Raymond"]
[Result "0-1"]
[WhiteElo "1881"]
[BlackElo "2241"]
[PlyCount "60"]
[GameId "1515678222139392"]
[EventDate "2018.08.07"]
[EventType "swiss (blitz)"]
[EventRounds "10"]
[EventCountry "USA"]
[SourceTitle "EXT 2021"]
[Source "ChessBase"]
[SourceDate "2020.10.23"]
[SourceVersion "1"]
[SourceVersionDate "2020.10.23"]
[SourceQuality "1"]

1. e4 c6 2. c4 d5 3. cxd5 cxd5 4. e5 Nc6 5. d4 Bf5 6. Nc3 e6 7. Nf3 h6 8. Bb5 Nge7 9. Qa4 a6 10. Be2 Nc8 11. b4 Bxb4 12. Bd2 O-O 13. O-O Nb6 14. Qb3 Rc8 15. a3 Ba5 16. Rfc1 Nc4 17. Be1 b5 18. Qd1 Bb6 19. a4 b4 20. Na2 a5 21. Rab1 Bxb1 22. Rxb1 f6 23. Bd3 fxe5 24. dxe5 N6xe5 25. Be2 Qf6 26. Nxe5 Bxf2+ 27. Bxf2 Qxf2+ 28. Kh1 Nxe5 29. Bd3 Rf4 30. Bf1 Rcf8 0-1

[Event "PNWCC Online blitz JP 10th"]
[Site "Chess.com INT"]
[Date "2020.05.16"]
[Round "3"]
[White "Kaufman, Raymond"]
[Black "Wang, Justin"]
[Result "0-1"]
[WhiteElo "2255"]
[BlackElo "2447"]
[PlyCount "62"]
[GameId "1517268556771328"]
[EventDate "2020.05.16"]
[EventType "swiss (blitz)"]
[EventRounds "11"]
[EventCountry "USA"]
[SourceTitle "CBM 196 Extra"]
[Source "ChessBase"]
[SourceDate "2020.07.31"]
[SourceVersion "1"]
[SourceVersionDate "2020.07.31"]
[SourceQuality "1"]

1. e4 c5 2. Nf3 d6 3. Bb5+ Nd7 4. Ba4 Ngf6 5. O-O e6 6. Re1 Be7 7. c3 a6 8. d4 b5 9. Bc2 Bb7 10. Nbd2 h6 11. Nf1 Qc7 12. Ng3 g5 13. h3 d5 14. e5 Ng8 15. a4 cxd4 16. Nxd4 b4 17. Qh5 Kf8 18. f4 Bc5 19. Be3 gxf4 20. Rf1 Ngf6 21. exf6 fxe3 22. Nge2 Qe5 23. Qh4 Qg5 24. Qf4 Qxf4 25. Nxf4 e5 26. Bf5 exd4 27. Bxd7 dxc3 28. Kh1 cxb2 29. Rab1 Bd4 30. Ne2 Bc3 31. Rf3 d4 0-1

[Event "PNWCC Online blitz JP 10th"]
[Site "Chess.com INT"]
[Date "2020.05.16"]
[Round "6"]
[White "Kaufman, Raymond"]
[Black "He, Anthony B"]
[Result "0-1"]
[WhiteElo "2255"]
[BlackElo "2337"]
[PlyCount "50"]
[GameId "1517268557340672"]
[EventDate "2020.05.16"]
[EventType "swiss (blitz)"]
[EventRounds "11"]
[EventCountry "USA"]
[SourceTitle "CBM 196 Extra"]
[Source "ChessBase"]
[SourceDate "2020.07.31"]
[SourceVersion "1"]
[SourceVersionDate "2020.07.31"]
[SourceQuality "1"]

1. c4 e5 2. Nc3 Bb4 3. Nd5 Bc5 4. e3 Nf6 5. d4 Nxd5 6. dxc5 Nf6 7. Nf3 Qe7 8. b4 a5 9. Bb2 axb4 10. Nxe5 O-O 11. Bd3 Qxc5 12. Ng4 Nxg4 13. Qxg4 g6 14. Qh4 f6 15. Bxf6 Qd6 16. Bxg6 hxg6 17. Qh8+ Kf7 18. Qg7+ Ke8 19. Qxg6+ Rf7 20. Qe4+ Qe6 21. Qxe6+ dxe6 22. Be5 Nc6 23. Bg3 e5 24. h4 Be6 25. h5 Bxc4 0-1

[Event "Titled Tuesday intern op 15th Sept"]
[Site "Chess.com INT"]
[Date "2020.09.15"]
[Round "3"]
[White "Kaufman, Raymond"]
[Black "Seul, Georg"]
[Result "0-1"]
[WhiteElo "2255"]
[BlackElo "2372"]
[PlyCount "92"]
[GameId "1562924847390720"]
[EventDate "2020.09.15"]
[EventType "swiss (blitz)"]
[EventRounds "10"]
[EventCountry "USA"]
[SourceTitle "CBM 198 Extra"]
[Source "ChessBase"]
[SourceDate "2020.11.30"]
[SourceVersion "1"]
[SourceVersionDate "2020.11.30"]
[SourceQuality "1"]

1. d4 Nf6 2. c4 e6 3. Nf3 Bb4+ 4. Bd2 a5 5. a3 Bxd2+ 6. Qxd2 d6 7. Nc3 Nc6 8. d5 Ne5 9. Nxe5 dxe5 10. e4 O-O 11. Be2 exd5 12. cxd5 Bd7 13. O-O Ne8 14. Rac1 Nd6 15. f4 Qe7 16. f5 f6 17. Kh1 c5 18. dxc6 Bxc6 19. Nd5 Qf7 20. Bf3 Bxd5 21. exd5 e4 22. Be2 Qe7 23. Qd4 Rfc8 24. Rxc8+ Rxc8 25. h3 Qc7 26. b4 axb4 27. axb4 Qc3 28. Qxc3 Rxc3 29. Ra1 Kf7 30. Ra8 Nxf5 31. Bg4 Nd6 32. Be6+ Ke7 33. Kg1 h5 34. Rg8 Rg3 35. Kf2 h4 36. Rh8 e3+ 37. Kf1 g5 38. Rh7+ Ke8 39. Rh8+ Ke7 40. Rh7+ Ke8 41. Rd7 Ne4 42. d6 Nc3 43. Re7+ Kf8 44. Rc7 e2+ 45. Ke1 Rd3 46. Rf7+ Ke8 0-1

[Event "Titled Tuesday intern op 15th Sept"]
[Site "Chess.com INT"]
[Date "2020.09.15"]
[Round "7"]
[White "Vlassov, Nikolai"]
[Black "Kaufman, Raymond"]
[Result "1-0"]
[WhiteElo "2352"]
[BlackElo "2255"]
[PlyCount "75"]
[GameId "1562924850765824"]
[EventDate "2020.09.15"]
[EventType "swiss (blitz)"]
[EventRounds "10"]
[EventCountry "USA"]
[SourceTitle "CBM 198 Extra"]
[Source "ChessBase"]
[SourceDate "2020.11.30"]
[SourceVersion "1"]
[SourceVersionDate "2020.11.30"]
[SourceQuality "1"]

1. e4 e5 2. Bc4 Nf6 3. d3 Be7 4. Nc3 c6 5. Nf3 O-O 6. Nxe5 d5 7. Bb3 d4 8. Nxf7 Rxf7 9. Bxf7+ Kxf7 10. Ne2 Kg8 11. O-O c5 12. f4 Ng4 13. h3 Ne3 14. Bxe3 dxe3 15. Qc1 Bf6 16. e5 Be7 17. Qxe3 Nc6 18. Rae1 Bf5 19. g4 Be6 20. f5 Bd5 21. Nf4 Bg5 22. Qxc5 Bxf4 23. Rxf4 b6 24. Qf2 Qg5 25. c4 Bf7 26. e6 Be8 27. d4 Rd8 28. d5 Ne7 29. h4 Qf6 30. g5 Qf8 31. f6 gxf6 32. gxf6 Ng6 33. f7+ Kh8 34. Qd4+ Qg7 35. fxe8=Q+ Rxe8 36. Qxg7+ Kxg7 37. Rf7+ Kh6 38. Re4 1-0

[Event "Titled Tuesday intern op 15th Sept"]
[Site "Chess.com INT"]
[Date "2020.09.15"]
[Round "9"]
[White "Kaufman, Raymond"]
[Black "Ward, Ieuan C"]
[Result "0-1"]
[WhiteElo "2255"]
[BlackElo "2028"]
[PlyCount "78"]
[GameId "1562924852359168"]
[EventDate "2020.09.15"]
[EventType "swiss (blitz)"]
[EventRounds "10"]
[EventCountry "USA"]
[SourceTitle "CBM 198 Extra"]
[Source "ChessBase"]
[SourceDate "2020.11.30"]
[SourceVersion "1"]
[SourceVersionDate "2020.11.30"]
[SourceQuality "1"]

1. e4 c5 2. Nf3 d6 3. Bb5+ Bd7 4. c4 Nf6 5. Nc3 e5 6. Bxd7+ Qxd7 7. O-O Nc6 8. d3 g6 9. a3 Bg7 10. Rb1 a5 11. Bg5 h6 12. Bxf6 Bxf6 13. Nd5 Bd8 14. Qa4 Ra6 15. h3 O-O 16. Nh2 f5 17. Qd1 Nd4 18. f4 fxe4 19. dxe4 exf4 20. Ng4 Kg7 21. e5 dxe5 22. Nxe5 Qe6 23. Nd3 Ne2+ 24. Kh2 Bh4 25. Rf3 Bg3+ 26. Kh1 Nd4 27. N3xf4 Bxf4 28. Rxf4 Rxf4 29. Nxf4 Qxc4 30. Qg4 Qc2 31. Re1 Qf5 32. Qh4 g5 33. Qh5 Ne6 34. Nxe6+ Rxe6 35. Rd1 Qf7 36. Qg4 Qe7 37. Kh2 Qc7+ 38. Qg3 Qxg3+ 39. Kxg3 b6 0-1

[Event "Titled Tuesday intern op 15th Sept"]
[Site "Chess.com INT"]
[Date "2020.09.15"]
[Round "10"]
[White "Kaufman, Raymond"]
[Black "Huda, Maryana"]
[Result "0-1"]
[WhiteElo "2255"]
[BlackElo "2128"]
[PlyCount "48"]
[GameId "1562924853002240"]
[EventDate "2020.09.15"]
[EventType "swiss (blitz)"]
[EventRounds "10"]
[EventCountry "USA"]
[SourceTitle "CBM 198 Extra"]
[Source "ChessBase"]
[SourceDate "2020.11.30"]
[SourceVersion "1"]
[SourceVersionDate "2020.11.30"]
[SourceQuality "1"]

1. e4 e5 2. d4 exd4 3. Qxd4 Nc6 4. Qe3 Nf6 5. Nc3 Bb4 6. Bd2 O-O 7. O-O-O Re8 8. Qg3 Rxe4 9. Bd3 Re8 10. Nf3 d5 11. Rde1 d4 12. Bg5 Rxe1+ 13. Rxe1 dxc3 14. Re8+ Qxe8 15. Bxf6 cxb2+ 16. Kxb2 g6 17. Ng5 h6 18. Nxf7 Qxf7 19. Bc4 Be6 20. Bxe6 Qxe6 21. Qxg6+ Kf8 22. Qg7+ Ke8 23. Qh8+ Bf8 24. Qg7 Bxg7 0-1

[Event "Speed Chess Super Swiss"]
[Site "Chess.com INT"]
[Date "2020.10.03"]
[Round "1"]
[White "Motylev, Alexander"]
[Black "Kaufman, Raymond"]
[Result "1-0"]
[WhiteElo "2641"]
[BlackElo "2255"]
[PlyCount "83"]
[GameId "1568005783015424"]
[EventDate "2020.10.03"]
[EventType "swiss (blitz)"]
[EventRounds "15"]
[EventCountry "USA"]
[SourceTitle "CBM 198 Extra"]
[Source "ChessBase"]
[SourceDate "2020.11.30"]
[SourceVersion "1"]
[SourceVersionDate "2020.11.30"]
[SourceQuality "1"]

1. e4 e5 2. Nf3 Nc6 3. Bb5 a6 4. Bxc6 dxc6 5. O-O f6 6. d4 exd4 7. Nxd4 c5 8. Ne2 Qxd1 9. Rxd1 Bg4 10. f3 Bd7 11. Nbc3 O-O-O 12. Bf4 Ne7 13. a4 Nc6 14. Nd5 Ne5 15. Bxe5 fxe5 16. c4 Bd6 17. a5 Kb8 18. Ng3 g6 19. Kf2 h5 20. h4 Rhf8 21. Ke2 Be6 22. Rd3 c6 23. Ne3 Be7 24. Rxd8+ Rxd8 25. Rh1 Rd4 26. b3 Kc7 27. Ngf1 Kd7 28. g4 hxg4 29. Nxg4 Bxg4 30. fxg4 Rxe4+ 31. Ne3 Ke6 32. Kf3 Rf4+ 33. Kg3 Bd6 34. h5 gxh5 35. gxh5 e4 36. Kg2 Rf3 37. Nf1 Rxb3 38. h6 Be5 39. h7 Rb2+ 40. Kh3 Re2 41. Rg1 Rh2+ 42. Nxh2 1-0

[Event "Speed Chess Super Swiss"]
[Site "Chess.com INT"]
[Date "2020.10.03"]
[Round "2"]
[White "Donskov, Anatoly"]
[Black "Kaufman, Raymond"]
[Result "1-0"]
[WhiteElo "2286"]
[BlackElo "2255"]
[PlyCount "133"]
[GameId "1568005784145920"]
[EventDate "2020.10.03"]
[EventType "swiss (blitz)"]
[EventRounds "15"]
[EventCountry "USA"]
[SourceTitle "CBM 198 Extra"]
[Source "ChessBase"]
[SourceDate "2020.11.30"]
[SourceVersion "1"]
[SourceVersionDate "2020.11.30"]
[SourceQuality "1"]

1. e4 e5 2. Nf3 Nc6 3. Nc3 Nf6 4. d4 exd4 5. Nxd4 Bb4 6. Nxc6 bxc6 7. Bd3 O-O 8. O-O d5 9. exd5 cxd5 10. h3 c6 11. Qf3 h6 12. Bf4 Be6 13. Rad1 Bd6 14. Ne2 Rb8 15. b3 Re8 16. Rfe1 Qc7 17. c3 Bxf4 18. Nxf4 c5 19. Nxe6 Rxe6 20. Rxe6 fxe6 21. c4 Qe5 22. Qe2 Qxe2 23. Bxe2 Ne4 24. Bg4 Nc3 25. Bxe6+ Kf8 26. Rd3 d4 27. Rf3+ Ke7 28. Bf5 Nxa2 29. Bg6 a5 30. Rf7+ Kd6 31. Ra7 Rxb3 32. Ra6+ Ke5 33. Rxa5 Nc3 34. Rxc5+ Kd6 35. Rc8 Ne2+ 36. Kh2 Nf4 37. Bh7 d3 38. g3 Kd7 39. Rc5 d2 40. Bc2 Rc3 41. Ba4+ Kd6 42. Rc6+ Ke7 43. gxf4 Ra3 44. Rc7+ Kf6 45. Bd1 Ra1 46. Bf3 d1=Q 47. Bxd1 Rxd1 48. Kg3 Rc1 49. c5 Rc3+ 50. f3 Rc4 51. c6 Rc1 52. Rc8 Kg6 53. h4 Rc2 54. Rf8 Rxc6 55. f5+ Kh7 56. h5 Rf6 57. Rxf6 gxf6 58. Kf4 Kg7 59. Ke4 Kf7 60. Kd5 Ke7 61. Kc6 Ke8 62. Kd6 Kd8 63. Ke6 Ke8 64. Kxf6 Kd8 65. Kg6 Kc8 66. Kxh6 Kb7 67. Kg6 1-0

[Event "Speed Chess Super Swiss"]
[Site "Chess.com INT"]
[Date "2020.10.03"]
[Round "3"]
[White "Kaufman, Raymond"]
[Black "Swati, Mohota"]
[Result "1-0"]
[WhiteElo "2255"]
[BlackElo "2027"]
[PlyCount "81"]
[GameId "1568005784420352"]
[EventDate "2020.10.03"]
[EventType "swiss (blitz)"]
[EventRounds "15"]
[EventCountry "USA"]
[SourceTitle "CBM 198 Extra"]
[Source "ChessBase"]
[SourceDate "2020.11.30"]
[SourceVersion "1"]
[SourceVersionDate "2020.11.30"]
[SourceQuality "1"]

1. d4 d5 2. c4 c6 3. Nf3 Nf6 4. g3 Bf5 5. Nc3 e6 6. Nh4 Be4 7. f3 Bg6 8. Qb3 Qb6 9. Nxg6 hxg6 10. c5 Qc7 11. Bf4 Qc8 12. e4 Nh5 13. exd5 Nxf4 14. gxf4 exd5 15. O-O-O Be7 16. Re1 Qd7 17. h4 O-O 18. h5 gxh5 19. Bd3 Qc7 20. Re5 h4 21. Qc2 Bf6 22. Kb1 Bxe5 23. fxe5 g6 24. Rxh4 Kg7 25. f4 Rh8 26. Rxh8 Kxh8 27. f5 gxf5 28. Qh2+ Kg8 29. Bxf5 Na6 30. Qh7+ Kf8 31. Qh8+ Ke7 32. Qxa8 Nb8 33. Qxa7 Nd7 34. Bxd7 Qxd7 35. a4 Qf5+ 36. Ka2 Qd3 37. Qxb7+ Kf8 38. a5 Qc4+ 39. Qb3 Qxd4 40. a6 Qxc5 41. Qa3 1-0

[Event "Speed Chess Super Swiss"]
[Site "Chess.com INT"]
[Date "2020.10.03"]
[Round "5"]
[White "Tanenbaum, Zachary Chen"]
[Black "Kaufman, Raymond"]
[Result "0-1"]
[WhiteElo "2137"]
[BlackElo "2255"]
[PlyCount "92"]
[GameId "1568005785935872"]
[EventDate "2020.10.03"]
[EventType "swiss (blitz)"]
[EventRounds "15"]
[EventCountry "USA"]
[SourceTitle "CBM 198 Extra"]
[Source "ChessBase"]
[SourceDate "2020.11.30"]
[SourceVersion "1"]
[SourceVersionDate "2020.11.30"]
[SourceQuality "1"]

1. e4 c6 2. d4 d5 3. exd5 cxd5 4. Bd3 Nc6 5. c3 Nf6 6. Bf4 Bg4 7. Qb3 Qc8 8. Nd2 e6 9. Ngf3 Be7 10. O-O O-O 11. Qc2 Bh5 12. Ne5 Bg6 13. Nxg6 hxg6 14. Nf3 Nh5 15. Be3 Bd6 16. Qd2 Qc7 17. g3 f5 18. Qe2 Rae8 19. Bd2 Nf6 20. Rfe1 Ne4 21. Bxe4 dxe4 22. Ng5 Nd8 23. c4 b6 24. b4 Qd7 25. Red1 Nf7 26. a3 Be7 27. Nxf7 Rxf7 28. d5 Bf6 29. Rac1 exd5 30. cxd5 Qxd5 31. Bc3 Qe6 32. Bxf6 Qxf6 33. Qb5 Ref8 34. Rc6 Qg5 35. Rdd6 e3 36. f4 Qg4 37. Qd3 Qf3 38. Rc2 Kh7 39. Re2 Rc7 40. Qd1 Rfc8 41. Qf1 Rc1 42. Rd1 Rxd1 43. Qxd1 Rc1 44. Qxc1 Qxe2 45. h4 Qf2+ 46. Kh1 e2 0-1

[Event "Speed Chess Super Swiss"]
[Site "Chess.com INT"]
[Date "2020.10.03"]
[Round "6"]
[White "Perez Gormaz, Matias Ariel"]
[Black "Kaufman, Raymond"]
[Result "1/2-1/2"]
[WhiteElo "2413"]
[BlackElo "2255"]
[PlyCount "125"]
[GameId "1568005786656768"]
[EventDate "2020.10.03"]
[EventType "swiss (blitz)"]
[EventRounds "15"]
[EventCountry "USA"]
[SourceTitle "CBM 198 Extra"]
[Source "ChessBase"]
[SourceDate "2020.11.30"]
[SourceVersion "1"]
[SourceVersionDate "2020.11.30"]
[SourceQuality "1"]

1. e4 c6 2. Nc3 d5 3. Nf3 dxe4 4. Nxe4 Nf6 5. Qe2 Nxe4 6. Qxe4 Qd5 7. Qh4 Bf5 8. Bc4 Qd6 9. Bb3 e6 10. O-O Be7 11. Qg3 Qxg3 12. hxg3 Nd7 13. d4 a5 14. a4 O-O 15. Re1 h6 16. Bf4 Nf6 17. Ne5 Nd5 18. Bd2 Rfd8 19. c3 c5 20. dxc5 Bxc5 21. Rad1 Nf6 22. Be3 Bxe3 23. Rxe3 Rxd1+ 24. Bxd1 Rd8 25. Bf3 b6 26. Nc4 Nd7 27. Re1 Nc5 28. Nxb6 Rb8 29. Nc4 Nxa4 30. Ra1 Nxb2 31. Nxa5 Nd3 32. Nc6 Rb2 33. c4 Kh7 34. Nd4 Nxf2 35. Ra7 Nd3 36. Rxf7 Rb1+ 37. Kh2 Bg6 38. Re7 Nf2 39. g4 Rd1 40. Nxe6 Rh1+ 41. Kg3 Ne4+ 42. Bxe4 Bxe4 43. Rxg7+ Kh8 44. Re7 Rg1 45. Kf4 Bxg2 46. c5 Rf1+ 47. Ke5 Bc6 48. Kd6 Be4 49. Nd4 Rd1 50. Rxe4 Kg7 51. c6 Kg6 52. c7 Kg5 53. c8=Q Rc1 54. Qf5+ Kh4 55. Qf2+ Kh3 56. Qd2 Kg3 57. Re3+ Kh4 58. Qd1 Kg5 59. Re5+ Kg6 60. Qxc1 Kg7 61. Qxh6+ Kf7 62. Re6 Kg8 63. Re7 1/2-1/2

[Event "Speed Chess Super Swiss"]
[Site "Chess.com INT"]
[Date "2020.10.03"]
[Round "7"]
[White "Kaufman, Raymond"]
[Black "Riline Orso, Alejandro"]
[Result "1-0"]
[WhiteElo "2255"]
[BlackElo "2143"]
[PlyCount "91"]
[GameId "1568005787095040"]
[EventDate "2020.10.03"]
[EventType "swiss (blitz)"]
[EventRounds "15"]
[EventCountry "USA"]
[SourceTitle "CBM 198 Extra"]
[Source "ChessBase"]
[SourceDate "2020.11.30"]
[SourceVersion "1"]
[SourceVersionDate "2020.11.30"]
[SourceQuality "1"]

1. d4 Nf6 2. c4 e6 3. Nc3 Bb4 4. e3 O-O 5. Bd2 d5 6. a3 Be7 7. Nf3 c5 8. cxd5 cxd4 9. Nxd4 Nxd5 10. Be2 Nf6 11. O-O Nbd7 12. Rc1 a6 13. b4 Ne5 14. Qb3 Bd7 15. Rfd1 Rc8 16. Be1 Qe8 17. f4 Neg4 18. Ne4 Nxe4 19. Bxg4 Bf6 20. Bf3 Rxc1 21. Rxc1 Ba4 22. Qd3 Bxd4 23. Qxd4 Nf6 24. Bxb7 Bb5 25. Rc7 Qb8 26. Qc5 h5 27. Bc3 Ng4 28. h3 Nh6 29. Rc8 Rxc8 30. Qxc8+ Qxc8 31. Bxc8 Nf5 32. Kf2 Kf8 33. Bb7 Nd6 34. Bf3 g6 35. Bd1 Nc4 36. a4 Bc6 37. Be2 Nb6 38. a5 Na4 39. Bd4 Bb7 40. Bd1 Bc6 41. Be2 Bb7 42. Ke1 Ke7 43. Kd2 Kd7 44. Kc2 Kc6 45. Kb3 Kd5 46. Kxa4 1-0

[Event "Speed Chess Super Swiss"]
[Site "Chess.com INT"]
[Date "2020.10.03"]
[Round "9"]
[White "Nasuta, Grzegorz"]
[Black "Kaufman, Raymond"]
[Result "1-0"]
[WhiteElo "2535"]
[BlackElo "2255"]
[PlyCount "119"]
[GameId "1568005788266496"]
[EventDate "2020.10.03"]
[EventType "swiss (blitz)"]
[EventRounds "15"]
[EventCountry "USA"]
[SourceTitle "CBM 198 Extra"]
[Source "ChessBase"]
[SourceDate "2020.11.30"]
[SourceVersion "1"]
[SourceVersionDate "2020.11.30"]
[SourceQuality "1"]

1. e4 c6 2. d4 d5 3. e5 Bf5 4. Nc3 Qb6 5. a3 e6 6. g4 Bg6 7. Nge2 c5 8. Na4 Qa5+ 9. c3 cxd4 10. b4 Qc7 11. Nxd4 Qxe5+ 12. Be3 Nc6 13. Qd2 Nf6 14. f3 Be7 15. Kf2 O-O 16. Bf4 Nxg4+ 17. fxg4 Bh4+ 18. Kg1 Qf6 19. Nf3 h6 20. Nxh4 Qxh4 21. h3 e5 22. Be3 Be4 23. Bf2 Qf6 24. Bg2 Bxg2 25. Kxg2 e4 26. Rhf1 Qf3+ 27. Kh2 Ne5 28. Bd4 Qd3 29. Qxd3 Nxd3 30. Nc5 Nxc5 31. Bxc5 Rfe8 32. Rad1 b6 33. Bd4 Rad8 34. Kg3 f6 35. Rf5 Kf7 36. Kf2 Ke6 37. Ke3 Rf8 38. Rdf1 Rf7 39. h4 Rdf8 40. h5 Rc8 41. a4 Re8 42. Ra1 Rc8 43. b5 Rcc7 44. a5 bxa5 45. Rxa5 Rb7 46. Rf1 Rfe7 47. Rfa1 f5 48. gxf5+ Kxf5 49. Rxa7 Rxa7 50. Rxa7 Re8 51. b6 Kg4 52. b7 Rb8 53. Be5 Rf8 54. b8=Q Rf3+ 55. Kd4 Kh3 56. Qc8+ Kg2 57. Qg4+ Kf2 58. Ra2+ Kf1 59. Qg2+ Ke1 60. Qe2# 1-0

[Event "Speed Chess Super Swiss"]
[Site "Chess.com INT"]
[Date "2020.10.03"]
[Round "10"]
[White "Gelman, Alexander"]
[Black "Kaufman, Raymond"]
[Result "1-0"]
[WhiteElo "2403"]
[BlackElo "2255"]
[PlyCount "71"]
[GameId "1568005788536832"]
[EventDate "2020.10.03"]
[EventType "swiss (blitz)"]
[EventRounds "15"]
[EventCountry "USA"]
[SourceTitle "CBM 198 Extra"]
[Source "ChessBase"]
[SourceDate "2020.11.30"]
[SourceVersion "1"]
[SourceVersionDate "2020.11.30"]
[SourceQuality "1"]

1. d4 Nf6 2. Nc3 d5 3. Bf4 a6 4. e3 e6 5. g4 c5 6. g5 Nfd7 7. Nf3 Nc6 8. Bg2 Be7 9. h4 b5 10. h5 Bb7 11. a3 cxd4 12. exd4 Nb6 13. Ne2 Bd6 14. c3 Bxf4 15. Nxf4 Qd6 16. Nd3 Nd7 17. Qe2 O-O-O 18. a4 bxa4 19. Rxa4 a5 20. h6 gxh6 21. Rxh6 Ba6 22. Qe3 Nb6 23. Ra2 Bc4 24. Ra1 Bxd3 25. Qxd3 Kb7 26. Kf1 Qf4 27. b3 Ra8 28. Qb5 Kc7 29. c4 Nxd4 30. Nxd4 Qxd4 31. Rc1 Qd2 32. Re1 Qxg5 33. cxd5 Qxh6 34. Qc6+ Kd8 35. dxe6 Rc8 36. e7# 1-0

[Event "Speed Chess Super Swiss"]
[Site "Chess.com INT"]
[Date "2020.10.03"]
[Round "11"]
[White "Kaufman, Raymond"]
[Black "Novikov, Evgenij"]
[Result "1-0"]
[WhiteElo "2255"]
[BlackElo "2276"]
[PlyCount "73"]
[GameId "1568005789192192"]
[EventDate "2020.10.03"]
[EventType "swiss (blitz)"]
[EventRounds "15"]
[EventCountry "USA"]
[SourceTitle "CBM 198 Extra"]
[Source "ChessBase"]
[SourceDate "2020.11.30"]
[SourceVersion "1"]
[SourceVersionDate "2020.11.30"]
[SourceQuality "1"]

1. e4 c6 2. Nc3 d5 3. Nf3 Bg4 4. h3 Bxf3 5. Qxf3 e6 6. d3 Nd7 7. Bd2 Ngf6 8. g4 h6 9. Qg2 Qb6 10. O-O-O d4 11. Ne2 a5 12. f4 a4 13. a3 Qa7 14. g5 Ng8 15. g6 f6 16. Qg4 f5 17. exf5 Ngf6 18. Qf3 exf5 19. Ng3 Qc5 20. Re1+ Kd8 21. Bb4 Qb5 22. Bxf8 Rxf8 23. Bg2 Qc5 24. Kb1 Kc7 25. Re6 Nd5 26. Qf2 b5 27. Ne2 b4 28. Nxd4 Ra6 29. Re5 bxa3 30. Ne6+ Kd6 31. Nxc5 Nxc5 32. Bxd5 cxd5 33. Qd4 Nb7 34. Qxd5+ Kc7 35. Re7+ Kc8 36. Qxb7+ Kd8 37. Qd7# 1-0